Normal view
MARC view
Entry Personal Name
001 - CONTROL NUMBER
- control field: 21183
003 - CONTROL NUMBER IDENTIFIER
- control field: ARRUPE
005 - DATE AND TIME OF LATEST TRANSACTION
- control field: 20151126144706.0
008 - FIXED-LENGTH DATA ELEMENTS
- fixed length control field: 151126|| aca||aabn | a|a d
040 ## - CATALOGING SOURCE
- Original cataloging agency: ARRUPE
- Transcribing agency: ARRUPE
100 ## - HEADING--PERSONAL NAME
- Personal name: Cord Friebe
- Relator term: (jt.au.)
670 ## - SOURCE DATA FOUND
- Source citation: Work cat.: (ARRUPE): Bailer-Jones, Daniela 21180, Thomas Kuhn, 2009